Admisiones universitarias en el siglo XXI (Registro nro. 4610)
[ vista simple ]
| 000 -CABECERA | |
|---|---|
| campo de control de longitud fija | 00610nam a22002293i 4500 |
| 001 - NÚMERO DE CONTROL | |
| campo de control | Rebiun19481027 |
| 003 - IDENTIFICADOR DEL NÚMERO DE CONTROL | |
| campo de control | AR-RoIUNI |
| 005 - FECHA Y HORA DE LA ÚLTIMA TRANSACCIÓN | |
| campo de control | 20190510114817.0 |
| 006 - CÓDIGOS DE INFORMACIÓN DE LONGITUD FIJA--CARACTERÍSTICAS DEL MATERIAL ADICIONAL | |
| campo de control de longitud fija | m o d | |
| 007 - CAMPO FIJO DE DESCRIPCIÓN FÍSICA--INFORMACIÓN GENERAL | |
| campo de control de longitud fija | cr cnu|||||||| |
| 008 - DATOS DE LONGITUD FIJA--INFORMACIÓN GENERAL | |
| campo de control de longitud fija | 171011s2012 xx o ||||0 spa d |
| 020 ## - NÚMERO INTERNACIONAL ESTÁNDAR DEL LIBRO | |
| Número Internacional Estándar del Libro | 9789871716555 |
| 040 ## - FUENTE DE LA CATALOGACIÓN | |
| Centro catalogador/agencia de origen | MiAaPQ |
| Centro/agencia transcriptor | AR-RoIUNI |
| Centro/agencia modificador | MiAaPQ |
| -- | UNAV |
| 080 ## - NÚMERO DE LA CLASIFICACIÓN DECIMAL UNIVERSAL | |
| Número de la Clasificación Decimal Universal | 378 STE |
| 100 1# - ENTRADA PRINCIPAL--NOMBRE DE PERSONA | |
| Nombre de persona | Sternberg, Robert J. |
| 245 10 - MENCIÓN DE TÍTULO | |
| Título | Admisiones universitarias en el siglo XXI |
| 250 ## - MENCIÓN DE EDICIÓN | |
| Mención de edición | 1a. ed. |
| 260 ## - PUBLICACIÓN, DISTRIBUCIÓN, ETC. (PIE DE IMPRENTA) | |
| Lugar de publicación, distribución, etc. | Buenos Aires |
| Nombre del editor, distribuidor, etc. | Universidad de Palermo |
| Fecha de publicación, distribución, etc. | 2012 |
| 300 ## - DESCRIPCIÓN FÍSICA | |
| Extensión | 232 p. |
| Dimensiones | 23 cm. |
| 650 10 - PUNTO DE ACCESO ADICIONAL DE MATERIA--TÉRMINO DE MATERIA | |
| 9 (RLIN) | 489 |
| Término de materia o nombre geográfico como elemento inicial | Educación Superior |
| 942 ## - ELEMENTOS DE PUNTO DE ACCESO ADICIONAL (KOHA) | |
| Fuente del sistema de clasificación o colocación | Clasificación Decimal Universal |
| Tipo de ítem Koha | Libros |
| Estado de retiro | Estado de pérdida | Fuente del sistema de clasificación o colocación | Estado dañado | Excepción de préstamo | Código de colección | Localización permanente | Ubicación/localización actual | Ubicación en estantería | Fecha de adquisición | Número de inventario | Total de préstamos | Signatura topográfica completa | Código de barras | Fecha visto por última vez | Precio válido a partir de | Tipo de ítem Koha |
|---|---|---|---|---|---|---|---|---|---|---|---|---|---|---|---|---|
| Clasificación Decimal Universal | Coleccion Universidades | BIBLIOTECA CENTRAL | BIBLIOTECA CENTRAL | BIBLIOTECA CENTRAL | 10/05/2019 | 5476 | 378 STE | 5476c | 10/05/2019 | 10/05/2019 | Libros |

